Behavioural Game Theory
Pochopenie teórie hier z behaviorálnej perspektívy. Zameranie sa na hry, v rámci ktorých môžu byť preskúmané strategické interakcie (hra na diktátora, hra na verejné statky, väzňova dilema, hra dôvery, ultimátna hra). Altruizmus, spolupráca, spravodlivosť a reciprocita. Aplikácia teórie behaviorálny...
Saved in:
| Main Author: | |
|---|---|
| Format: | Book Chapter |
| Language: | English |
| Subjects: | |
| Tags: |
No Tags, Be the first to tag this record!
|
MARC
| LEADER | 00000naa$a2200000$$$4500 | ||
|---|---|---|---|
| 001 | 0302736 | ||
| 005 | 20240626105822.8 | ||
| 041 | 0 | |a eng | |
| 044 | |a HU | ||
| 245 | 1 | 0 | |a Behavioural Game Theory |c Eva Sirakovová |
| 520 | |a Pochopenie teórie hier z behaviorálnej perspektívy. Zameranie sa na hry, v rámci ktorých môžu byť preskúmané strategické interakcie (hra na diktátora, hra na verejné statky, väzňova dilema, hra dôvery, ultimátna hra). Altruizmus, spolupráca, spravodlivosť a reciprocita. Aplikácia teórie behaviorálnych hier v kontexte reálneho sveta. Endowment Effect (Efekt vlastnenia) a behaviorálne financie. | ||
| 610 | 2 | 0 | |a ekonómia behaviorálna |
| 610 | 2 | 0 | |a financie behaviorálne |
| 610 | 2 | 0 | |a teória hier |
| 610 | 2 | 0 | |a hry ekonomické |
| 610 | 2 | 0 | |a rozhodovanie |
| 610 | 2 | 0 | |a správanie |
| 610 | 2 | 0 | |a motivácia |
| 100 | 1 | |a Sirakovová, Eva, 1994- | |